| 000 | 00000nam 2200000za 4500 |
| 001 | 9.840515 |
| 003 | CaOODSP |
| 005 | 20221107151849 |
| 007 | cr ||||||||||| |
| 008 | 170727s2008 quc #o f000 0 eng d |
| 040 | |aCaOODSP|beng |
| 041 | |aeng|gfre |
| 043 | |an-cn--- |
| 086 | 1 |aP29-133-1-2008E-PDF |
| 245 | 00|aSecurity officers and security officer supervisors |h[electronic resource] / |cprepared by the Canadian General Standards Board ; approved by the Standards Council of Canada. |
| 260 | |aGatineau : |bCanadian General Standards Board, |c2008. |
| 300 | |a1 v. (various pagings) |
| 490 | 1 |aNational standard of Canada ; |vno. 133.1-2008 |
| 500 | |a"March 2008." |
| 500 | |a"Experience and excellence"--Cover. |
| 500 | |aSupersedes CAN/CGSB-133.1-99. |
| 500 | |aIssued also in French under title: Agents de sécurité et superviseurs des agents de sécurité. |
| 500 | |aIncludes corrigendum, no. 1, May 2008. |
| 500 | |aThis publication is out-of-date. For a newer edition, please see P29-133-1-2017E-PDF. |
| 520 | |a"This standard sets out minimum requirements to be used when selecting uniformed security officers and supervisors to protect people, property and information. It provides a “Security Officers Basic (Pre-assignment) Training Program” (Appendix A), a “Security Officer Supervisors (Pre-assignment) Training Program” (Appendix B) and “Performance Guidelines for Suppliers of Training for Security Officers and Supervisors” (Appendix C)."--Scope. |
| 530 | |aIssued also in printed form. |
| 546 | |aStandard in English only, corrigendum in English and French. |
| 692 | 07|2gccst|aSecurity |
| 692 | 07|2gccst|aTraining |
| 692 | 07|2gccst|aStandards |
| 710 | 2 |aStandards Council of Canada. |
| 710 | 2 |aCanadian General Standards Board. |
| 775 | 08|tAgents de sécurité et superviseurs des agents de sécurité |w(CaOODSP)9.840519 |
| 776 | 0#|tSecurity officers and security officer supervisors / |w(CaOODSP)9.545930 |
| 794 | |tSecurity officers and security officer supervisors |w(CaOODSP)9.844567 |
| 830 | #0|aNational standard of Canada ;|vno. 133.1-2008.|w(CaOODSP)9.507848 |
| 856 | 40|qPDF|s291 KB|uhttps://publications.gc.ca/collections/collection_2017/ongc-cgsb/P29-133-1-2008-eng.pdf |
| 856 | 40|qPDF|s23 KB|uhttps://publications.gc.ca/collections/collection_2017/ongc-cgsb/P29-133-1-2008-1.pdf |
| 986 | |aICS 13.310 |